| 000 | 01046cam a22001934a 4500 | ||
|---|---|---|---|
| 005 | 20250605164048.0 | ||
| 008 | 250528s ||||||||||||||||||||||||d | ||
| 035 | _a17185 | ||
| 020 | _a74871359 | ||
| 040 |
_aGR-AtMCL _bgre _dGR-AtMCL _eAACR2 |
||
| 245 | 1 | _aIntroduction to Business Economics Workbook | |
| 260 |
_bStanley Thornes (Publishers) Ltd, _c1991 |
||
| 300 | _a200 | ||
| 520 | _aA comprehensive learning package, which can be used by students working alone or with the support of a tutor. Preface, An Economic Framework, Demand, Supply, The Structure of the Firm, The Structure of Markets and the Conduct and Performance of Firms, Business Growth, The Firm and the Market, Procing in Practice, Business Investment, The Firm and Financial Markets, The Firm and the Public, Competition and Consumer Protection and Public Policy, Business Location and the Community, The State as Producer, The Business Firm and National Economic Policies, Index. | ||
| 700 | 1 |
_aShafto Tony _91162 |
|
| 942 | _cBK | ||
| 999 |
_c2620 _d2620 |
||